00586cam2a220021700 4500001001200000008004100012035001900053035001900072100002700091245003500118260001000153949003900163004000600202591002500208591003100233591001700264591003300281591002800314909000900342999001700351zam00003032951128s1973 xx eng u a(Sirsi) r20368 a(MACHINE)MSLC. aLevin, R. M.6A81708.110aPediatric Anesthesia handbook. c1973. aRD139wLCmMEDICALtBOOKlON-SHELF20368 aClass code: MED 710. aCourse: Clinical medicine. aSchool: S07. aLecturer: Prof. BAGSHAWE, A. aNumber of Students: 46. aBook c52461d52461